Former Monarchies - Statistics

General Stats
  • This quiz has been taken 162 times
    84 since last reset
  • The average score is 39 of 67
Answer Stats
Year Country % Correct
1917 Russia
97%
1870 France
93%
1910 Portugal
93%
1910 China
90%
1945 Italy
90%
1918 Germany
86%
1918 Austria
85%
1974 Greece
85%
1945 Hungary
85%
1918 Poland
83%
1918 Serbia
83%
1953 Egypt
80%
1918 Finland
80%
1950 India
80%
1979 Iran
80%
1958 Iraq
80%
1947 Romania
78%
1889 Brazil
76%
1946 Bulgaria
76%
1800 Ireland
75%
2006 Nepal
75%
1945 Vietnam
75%
1978 Afghanistan
71%
1944 Albania
71%
1867 Mexico
71%
1924 Mongolia
71%
1975 Laos
69%
1956 Pakistan
66%
1969 Libya
64%
1848 Algeria
63%
1918 Czech Republic
63%
1974 Ethiopia
63%
1885 Myanmar
63%
1956 Tunisia
59%
1963 Nigeria
54%
1918 Montenegro
51%
1972 Sri Lanka
51%
1960 Ghana
49%
1961 South Africa
49%
1962 Yemen
49%
1962 Tanzania
47%
2021 Barbados
46%
1490 Georgia
46%
1964 Kenya
46%
1918 Lithuania
46%
1979 Zimbabwe
46%
1964 Zambia
44%
1960 Cyprus
42%
1987 Fiji
42%
1974 Malta
42%
1918 Bosnia and Herzegovina
41%
1962 Uganda
41%
1859 Haiti
39%
1966 Burundi
36%
1968 Maldives
36%
1966 Malawi
34%
1970 Gambia
31%
1976 Seychelles
31%
1992 Mauritius
29%
1968 Nauru
29%
1970 Guyana
25%
1897 Madagascar
25%
1971 Sierra Leone
25%
1545 Mali
24%
1976 Trinidad and Tobago
24%
1980 Vanuatu
24%
1966 Botswana
20%
No matching quizzes found
Score Distribution
Percent of People with Each Score
Percentile by Number Answered
Your Score History
You have not taken this quiz since the last reset